000 00486cam a2200181ua 4500
001 730
008 110419n ii |||gr||||Z||||||eng
040 _cMAIN
082 _a328.10954
245 1 _aParliamentary procedure in India.
_cBy A R Mukherjea.
250 _a2nd.
260 _aCalcutta.:
_bOxford university press.,967.
300 _axv, 497 p.:
_c20 cm.
653 _aPolitical science.
653 _aParliamentary procedure of India.
700 1 _aMukherjea, A R.,
942 _cBK
999 _c657
_d657